| 000 | 01714nam a2200397 c 4500 | ||
|---|---|---|---|
| 999 |
_c30730 _d30730 |
||
| 003 | BLK | ||
| 005 | 20240116164814.0 | ||
| 008 | 180407b bul|||||r ||||||| ||bul|| | ||
| 010 | _aKNG00033366000 | ||
| 020 | _a954-754-002-5 | ||
| 040 | _aBLK | ||
| 041 |
_aBUL _cBUL |
||
| 080 |
_aПредучилищно възпитание _b373.2.016 _x(035) _z373.2.016(035) |
||
| 080 |
_b793.4/.9 _x(035) _z793.4/.9(035) |
||
| 100 | 1 |
_aЕлисън, Шийла _eпърви автор _9271006 |
|
| 139 |
_aЕлисън, Шийла и др. _bЕ 52 |
||
| 245 | 1 | 0 |
_a[Триста шестдесет и пет] 365 дни за творчески игри _bЗа деца на възраст над две години _cШийла Елисън; съавт. Джудит Грей; прев. от англ. Весела Прошкова; предг. от Ирина Колева Колева. |
| 257 | _aUSA | ||
| 260 |
_bГарант - 21 _c2000 _aСофия |
||
| 300 |
_a370 с. _bс ил. _c20 см |
||
| 380 | _a3 | ||
| 500 | _aИл. са на деца от 5 до 7 г. , живеещи в Сан Франциско - САЩ | ||
| 650 | 4 |
_aДетски игри _9241574 |
|
| 650 | 4 |
_aДидактически игри - в училищата _9271008 |
|
| 653 | _aигри | ||
| 700 | 1 |
_aГрей, Джудит _eсъавт. _9271007 |
|
| 700 | 1 |
_aКолева, Ирина Колева _eпредг. от _9364815 |
|
| 700 |
_aПрошкова, Весела Богомилова _d1950- _eпрев. от англ. _9365223 |
||
| 852 | _aЦб 205777 | ||
| 856 | 4 | _qpdf | |
| 856 | 4 | _qpdf | |
| 942 |
_cKNG _n0 _09 _s1 |
||
| 944 |
_aCR _c29.01.2003 _k30543 _lИва Цветкова |
||
| 944 |
_aED _c29.01.2003 |
||
| 999 | _d30730 | ||